| 000 | 01481 a2200289 4500 | ||
|---|---|---|---|
| 001 | 37882 | ||
| 005 | 20260407155645.0 | ||
| 008 | 260407a1996 arg spa d | ||
| 003 | AR-UNSa-BCEJYS | ||
| 040 |
_aAR-UNSa-BCEJYS _bspa _cAR-UNSa-BCEJYS |
||
| 080 |
_a347.77 _xPropiedad industrial, comercial y científica. Derecho sobre patentes y marcas. Registro de modelos, planos, marcas y nombres comerciales |
||
| 245 | 1 | 0 |
_aDerecho de patentes _pel nuevo régimen legal de las invenciones y los modelos de utilidad |
| 020 | _a950-9385-75-1 | ||
| 264 | 1 |
_aBuenos Aires : _bEdiciones Ciudad Argentina _c1996 |
|
| 300 |
_a495 p. _c20 cm. |
||
| 505 | _a1. Requisitos y excepciones a la patentabilidad. Invenciones biotecnologicas - 2. Como obtener una patente - 3. El nuevo régimen de patentes de invención: extensión y limites a los derechos - 4. Licencias obligatorias - 5. Modelos de utilidad - 6. Nulidad y caducidad de las patentes de invención y de los modelos de utilidad. Procedimiento administrativo - 7. Acciones civiles y penales - 8. Disposiciones transitorias | ||
| 041 | _aspa | ||
| 942 | _cBK | ||
| 590 | _aniveau_biblio:m niveau_hierar:0 | ||
| 100 | 1 | _aBergel, Salvador Dario | |
| 700 | 1 | _aCorrea, Carlos María | |
| 700 | 1 | _aKors, Jorge A. | |
| 700 | 1 | _aMoncayo von Hase, Martín | |
| 700 | 1 | _aGenovesi, Luis Mariano | |
| 700 | 1 | _aAlvarez, Alicia | |
| 856 | 4 | 1 |
_uhttps://biblioeco.unsa.edu.ar/pmb/images/libros/L125673.jpg _yImagen de portada _qimage/jpeg |
| 999 |
_c2830 _d2830 |
||